<?xml version="1.0" encoding="UTF-8"?>
<record
    xmlns:xsi="http://www.w3.org/2001/XMLSchema-instance"
    xsi:schemaLocation="http://www.loc.gov/MARC21/slim http://www.loc.gov/standards/marcxml/schema/MARC21slim.xsd"
    xmlns="http://www.loc.gov/MARC21/slim">

  <leader>00773nam a2200205 a 4500</leader>
  <datafield tag="999" ind1=" " ind2=" ">
    <subfield code="c">7392</subfield>
    <subfield code="d">7392</subfield>
  </datafield>
  <controlfield tag="003">OSt</controlfield>
  <controlfield tag="005">20211221124526.0</controlfield>
  <controlfield tag="008">180109s2017    sp cd    b    000 0dspa d</controlfield>
  <datafield tag="020" ind1=" " ind2=" ">
    <subfield code="a">9788416458813</subfield>
  </datafield>
  <datafield tag="040" ind1=" " ind2=" ">
    <subfield code="a">CDMR</subfield>
    <subfield code="c">0</subfield>
    <subfield code="b">cat</subfield>
  </datafield>
  <datafield tag="100" ind1=" " ind2=" ">
    <subfield code="a">Santill&#xE1;n Buelna, Jos&#xE9; Ram&#xF3;n</subfield>
    <subfield code="9">4692</subfield>
  </datafield>
  <datafield tag="245" ind1="1" ind2="0">
    <subfield code="a">M&#xE9;xico, en la prensa catalana: </subfield>
    <subfield code="b">an&#xE1;lisis en La Vanguardia y El Peri&#xF3;dico de Catalunya / </subfield>
    <subfield code="c">Jos&#xE9; Ram&#xF3;n Santill&#xE1;n Buelna</subfield>
  </datafield>
  <datafield tag="260" ind1=" " ind2=" ">
    <subfield code="a">La Laguna : </subfield>
    <subfield code="b">Universidad, </subfield>
    <subfield code="c">2017</subfield>
  </datafield>
  <datafield tag="300" ind1=" " ind2=" ">
    <subfield code="a">96 p&#xE0;gines ;</subfield>
    <subfield code="c">21 cm</subfield>
  </datafield>
  <datafield tag="490" ind1="1" ind2=" ">
    <subfield code="a">Cuadernos Artesanos de Comunicaci&#xF3;n ; </subfield>
    <subfield code="v">124</subfield>
  </datafield>
  <datafield tag="650" ind1="0" ind2="0">
    <subfield code="a">Premsa i pol&#xED;tica</subfield>
    <subfield code="z">Catalunya</subfield>
    <subfield code="9">4089</subfield>
  </datafield>
  <datafield tag="650" ind1="0" ind2="0">
    <subfield code="a">Publicitat </subfield>
    <subfield code="z">M&#xE8;xic</subfield>
    <subfield code="9">4372</subfield>
    <subfield code="x">Aspectes pol&#xED;tics</subfield>
  </datafield>
  <datafield tag="856" ind1=" " ind2=" ">
    <subfield code="u">http://www.cuadernosartesanos.org/2017/cac124.pdf</subfield>
    <subfield code="z">Acc&#xE9;s lliure</subfield>
  </datafield>
  <datafield tag="942" ind1=" " ind2=" ">
    <subfield code="2">udc</subfield>
    <subfield code="c">MON</subfield>
  </datafield>
  <datafield tag="952" ind1=" " ind2=" ">
    <subfield code="0">0</subfield>
    <subfield code="1">0</subfield>
    <subfield code="4">0</subfield>
    <subfield code="7">1</subfield>
    <subfield code="a">CDMR</subfield>
    <subfield code="b">CDMR</subfield>
    <subfield code="d">2021-11-11</subfield>
    <subfield code="e">Donaci&#xF3;</subfield>
    <subfield code="g">5.65</subfield>
    <subfield code="l">0</subfield>
    <subfield code="o">Ck 1/29</subfield>
    <subfield code="p">CDMR21110006</subfield>
    <subfield code="r">2021-11-11</subfield>
    <subfield code="w">2021-11-11</subfield>
    <subfield code="y">MON</subfield>
  </datafield>
</record>
